Language Quiz

Random Language or Letter Quiz

Ends in 'CH' (A-Z) Quiz Stats

 Plays Quiz not verified by Sporcle

Also try: Build a Word
Challenge
Share
Tweet
Embed
Score 0/24 Timer 04:00
0 Plays Today
Clue ?CH Word % Correct
Nothing, nonezilch
94.1%
Satisfy by drinkingquench
92.2%
Material spread around a plant to enrich soilmulch
86.3%
Indentation on an edge or surfacenotch
78.4%
Abrupt uncontrolled movementlurch
76.5%
Roof covering of strawthatch
76.5%
Make the sound of vomitingretch
74.5%
Member of a small group of people that governs a countryoligarch
72.5%
Intrude a person's territoryencroach
68.6%
Narrow and steep ravinegulch
66.7%
To implore or entreatbeseech
64.7%
Part of US government that interprets laws (2 words)judicial branch
62.7%
Clue ?CH Word % Correct
Large or protruding stomachpaunch
56.9%
Buttock and thighhaunch
49%
Put feathers on an arrowfletch
47.1%
Person who complains frequentlykvetch
45.1%
Leader of a revoltanarch
39.2%
Adverb meaning 'to such an extent that'insomuch
37.3%
Painting on two hinged panelsdiptych
33.3%
Large, closed horse-drawn vehiclestagecoach
33.3%
Finely ground flour used as thickeningcornstarch
31.4%
Cause to discard previous knowledgeunteach
15.7%
Any of several leguminous plants, in the pea familyvetch
15.7%
Sew in an overcast mannerwhipstitch
9.8%

You're not logged in!

Compare scores with friends on all Sporcle quizzes.
OR
Log In

You Might Also Like...

Show Comments

Extras

Created Jul 2, 2015ReportNominate
Tags:Alphabet Quiz, Letter Quiz

Top Quizzes Today


Score Distribution

Your Account Isn't Verified!

In order to create a playlist on Sporcle, you need to verify the email address you used during registration. Go to your Sporcle Settings to finish the process.

Report this User

Report this user for behavior that violates our Community Guidelines.

Details: